| 000 | 01220nam a2200325 a 4500 | ||
|---|---|---|---|
| 001 | 000111454 | ||
| 003 | CHAP | ||
| 005 | 20220329144211.0 | ||
| 008 | 150414s2015 mx sm |||||||spa d | ||
| 010 | _a107916 | ||
| 011 | _a108888 | ||
| 040 | _cCHAP | ||
| 090 | _aTesis | ||
| 100 | 1 |
_aBarranco Palacios, Oswaldo de Jesús _9129327 |
|
| 245 | 1 | 0 |
_aDelimitación de zonas potenciales para la recarga de los manantiales de Tula en Tequexquinahuac, Texcoco, Edo. de México _h[En línea] _cpor Oswaldo de Jesús Barranco Palacios. |
| 260 |
_aChapingo, Méx. : _bEl autor, _c2015. |
||
| 500 | _aPara ver el contenido del material haga clic en la liga | ||
| 502 | _aTesis (Ing. Agr. Esp. en Forestal) -- UACH. División de Ciencias Forestales | ||
| 590 |
_aBATCH _b00 _c20181121 _lUCH01 _h0758 |
||
| 590 |
_aE5765TAJ _b05 _c20150414 _lUCH01 _h1135 |
||
| 590 |
_aE5765TAJ _b05 _c20150414 _lUCH01 _h1135 |
||
| 590 |
_aE5765TAJ _b05 _c20150414 _lUCH01 _h1138 |
||
| 650 | 1 | 4 |
_aManantiales _zMéxico (Edo.). _9129328 |
| 650 | 1 | 4 |
_aRecarga de aguas subterráneas. _994980 |
| 856 |
_a1 _n0000754 |
||
| 856 |
_aFinding aid _uhttp://10.13.5.2/tesis/sist111454.pdf _zTeclea aquí |
||
| 901 | _aBK | ||
| 942 | _cTESIS | ||
| 942 | _n0 | ||
| 999 |
_c107916 _d107916 |
||